| 000 | 00279 a2200097 4500 | ||
|---|---|---|---|
| 001 | 54991 | ||
| 100 | _aNull, Linda | ||
| 245 | _aEssentials of computer organization and architecture, 2nd Ed | ||
| 260 |
_aLondon _bJones & BArlett Pub, London _c2006 |
||
| 090 |
_c34087 _d34087 |
||
| 942 |
_aNUST-CAE _cMONOGRAPH _c26766 |
||
| 999 |
_c290064 _d290064 |
||